Social problems and social change (Record no. 312196)

MARC details
000 -LEADER
fixed length control field 00540 a2200205 4500
005 - DATE & TIME
control field 20240709162656.0
008 - FIXED-LENGTH DATA ELEMENTS--GENERAL INFORMATION
fixed length control field 240709b |||||||| |||| 00| 0 eng d
020 ## - ISBN
International Standard Book Number 9789391945787
Price Rs. 895.00
040 ## - CATALOGING SOURCE
Original cataloging agency VIVEKANANDA LIBRARY
082 ## - DDC NUMBER
Classification number 301.24
Book Number K141S
100 ## - MAIN ENTRY--PERSONAL NAME
Personal name Kapadiya, Suniti
245 ## - TITLE STATEMENT
Title Social problems and social change
260 ## - PUBLICATION, DISTRIBUTION, ETC. (IMPRINT)
Name of publisher, distributor, etc Mark Publishers
Date of publication, distribution, etc 2022
Place of publication, distribution, etc Jaipur
300 ## - PHYSICAL DESCRIPTION
Pages 219
650 ## - Subject
Subject Social Psychology
650 ## - Subject
Subject Urban Sociology
650 ## - Subject
Subject Women Literacy
650 ## - Subject
Subject Social Psychology-Research
942 ## - ADDED ENTRY ELEMENTS (KOHA)
Koha item type Books
Holdings
Withdrawn status Lost status Source of classification or shelving scheme Damaged status Not for loan Location (home branch) Sublocation or collection (holding branch) Shelving location Date acquired Koha issues (times borrowed) Koha full call number Accession No. Koha date last seen Koha item type
    Dewey Decimal Classification     VIVEKANANDA LIBRARY VIVEKANANDA LIBRARY Vivekananda Library 22/02/2024   301.24 K141S 409726 22/02/2024 Books
© Designed and Maintained by Vivekananda Library, MDU Rohtak